Quiz O Bolesławie Chrobrym - Statystyki

Ogólne statystyki
  • Ten quiz został rozwiązany 59 razy
  • Średni wynik to 3 z 6
Statystyki odpowiedzi
Podpoweidź Odpowiedź % Poprawnych
966 Chrzest Polski
89%
1025 Koronacja Bolesława
50%
1000 Zjazd Gnieźnieński
50%
1025 Śmierć Bolesława
47%
972 Bitwa Pod Cedynią
28%
967 Urodzenie Bolesława Chrobrego
14%
Nie znaleziono quizów pasujących do podanych kryteriów
Rozkład punktacji
Procent ludzi z każdym wynikiem
Percentyl według liczby udzielonych odpowiedzi
Twoja historia wyników
Nie rozwiązałeś tego quizu